Flags of Non-Sovereign Countries of the World - Statistics

General Stats
  • This quiz has been taken 137 times
  • The average score is 38 of 56
Answer Stats
Picture Answer % Correct
Wales
97%
Faroe Islands
96%
Scotland
95%
Hong Kong
92%
Isle of Man
92%
Greenland
91%
Puerto Rico
91%
England
88%
Gibraltar
84%
Northern Ireland
84%
Antarctica
82%
Cook Islands
82%
Guernsey
82%
Macau
82%
American Samoa
81%
Bermuda
81%
US Virgin Islands
81%
Christmas Island
80%
Western Sahara
80%
Åland
78%
Guam
78%
Jersey
78%
New Caledonia
78%
Niue
78%
Aruba
77%
French Polynesia
76%
Norfolk Island
76%
British Virgin Islands
73%
Falkland Islands
73%
Anguilla
72%
Curaçao
69%
Montserrat
68%
French Guiana
66%
Tokelau
66%
Northern Mariana Islands
64%
Guadeloupe
61%
Wallis and Futuna
61%
Bonaire
59%
Réunion
59%
Saint Helena
58%
Cocos Island
57%
British Indian Ocean Territory
55%
Sint Maarten
55%
Cayman Islands
54%
Saint Pierre and Miquelon
51%
Mayotte
50%
Martinique
47%
Saint Barthélemy
47%
Saba
45%
Turks and Caicos Islands
42%
Tristan da Cunha
39%
Sint Eustatius
34%
Ascension Island
32%
South Georgia and the South Sandwich Islands
28%
French Southern and Antarctic Lands
19%
Pitcairn Islands
18%
No matching quizzes found
Score Distribution
Percent of People with Each Score
Percentile by Number Answered
Your Score History
You have not taken this quiz